[Event "Championnat de France - Accession"]
[Site "Nimes"]
[Date "2009.08.21"]
[Round "10.27"]
[White "Frederic, Clement"]
[Black "Maleki, Nicolas"]
[Result "1/2-1/2"]
[WhiteElo "2235"]
[BlackElo "2165"]
[PlyCount "109"]
[EventDate "2009.??.??"]

1. e4 c6 2. Nc3 d5 3. Nf3 Bg4 4. h3 Bxf3 5. Qxf3 e6 6. d3 Nd7 7. g3 g6 8. Bg2
Bg7 9. O-O Ne7 10. Qe2 O-O 11. f4 Re8 12. g4 f5 13. Bd2 Nf6 14. Kh1 Kh8 15.
Rae1 Qb6 16. Bc1 Qa6 17. gxf5 exf5 18. e5 Nd7 19. Qf2 Nf8 20. a3 Ne6 21. h4 h5
22. Bf3 Bh6 23. Rg1 Qb6 24. Qg2 Rg8 25. Ne2 Qd8 26. Qf2 d4 27. Rd1 Nd5 28. Bxd5
Qxd5+ 29. Kh2 Rad8 30. Rg2 Qc5 31. Rdg1 Kh7 32. Ng3 Qe7 33. Kh3 Nc7 34. Qf3 Nd5
35. Qf2 Qc5 36. c3 Nc7 37. Ne2 Ne6 38. Nxd4 Nxd4 39. Be3 Qb5 40. Bxd4 Qxd3+ 41.
Rg3 Qe4 42. Rf3 b6 43. Re1 Qd5 44. e6 Rge8 45. Rfe3 c5 46. Bf6 Rd6 47. Re5 Qc4
48. Qg2 Rd3+ 49. R1e3 Rxe3+ 50. Rxe3 Rxe6 51. Qb7+ Kg8 52. Qc8+ Kf7 53. Qd7+
Kxf6 54. Qd8+ Kf7 55. Qd7+ 1/2-1/2

[Event "Championnat de France - Accession"]
[Site "Nimes"]
[Date "2009.08.21"]
[Round "10.28"]
[White "Lacroix, Romain"]
[Black "Weill, Roland"]
[Result "1-0"]
[WhiteElo "2141"]
[BlackElo "2227"]
[PlyCount "47"]
[EventDate "2009.??.??"]

1. e4 e5 2. Nf3 Nc6 3. Bb5 a6 4. Bxc6 dxc6 5. O-O f6 6. d4 Bg4 7. dxe5 Qxd1 8.
Rxd1 Bxf3 9. gxf3 fxe5 10. f4 Nf6 11. fxe5 Nxe4 12. Be3 Rd8 13. Rxd8+ Kxd8 14.
Nd2 Nxd2 15. Rd1 Ke7 16. Rxd2 Ke6 17. Rd8 g6 18. Bh6 Bg7 19. Rxh8 Bxh8 20. f4
Kf7 21. Kg2 Bg7 22. Bxg7 Kxg7 23. Kf3 Kf7 24. Kg4 1-0

[Event "Championnat de France - Accession"]
[Site "Nimes"]
[Date "2009.08.21"]
[Round "10.29"]
[White "Jeanne, Mickael"]
[Black "Forgues, Fabien"]
[Result "0-1"]
[WhiteElo "2148"]
[BlackElo "2184"]
[PlyCount "109"]
[EventDate "2009.??.??"]

1. Nf3 Nf6 2. c4 e6 3. Nc3 Bb4 4. Qc2 O-O 5. a3 Bxc3 6. Qxc3 b6 7. e3 Bb7 8.
Be2 d6 9. b4 c5 10. Bb2 Qe7 11. O-O Nbd7 12. d4 Rfc8 13. dxc5 dxc5 14. b5 Re8
15. Ne5 Ne4 16. Nc6 Qf8 17. Qd3 Ndf6 18. Bxf6 Nxf6 19. Bf3 Bxc6 20. Bxc6 Red8
21. Qc2 Rac8 22. a4 a5 23. Rfd1 Qe7 24. h3 Qc7 25. Ra3 Kf8 26. Rad3 Rxd3 27.
Rxd3 Rd8 28. g4 g5 29. Qd2 Rxd3 30. Qxd3 Ke7 31. Kg2 h6 32. f3 Qe5 33. Qd2 Qa1
34. Qc2 Qe1 35. Qd3 Qc1 36. Be4 Ne8 37. Qe2 Nd6 38. Bc2 Qa3 39. Qd3 Qb2 40. f4
gxf4 41. exf4 Qd4 42. Qxd4 cxd4 43. Kf3 f6 44. h4 e5 45. fxe5 fxe5 46. c5 bxc5
47. b6 Kd7 48. Be4 c4 49. g5 hxg5 50. hxg5 d3 51. g6 Nxe4 52. Kxe4 d2 53. b7
d1=Q 54. g7 Qg4+ 55. Ke3 0-1

[Event "Championnat de France - Accession"]
[Site "Nimes"]
[Date "2009.08.21"]
[Round "10.30"]
[White "Salus, Stephane"]
[Black "Rodier, David"]
[Result "1/2-1/2"]
[WhiteElo "2218"]
[BlackElo "2145"]
[PlyCount "106"]
[EventDate "2009.??.??"]

1. c4 Nf6 2. d4 c6 3. Nf3 d5 4. e3 e6 5. Nbd2 Nbd7 6. Bd3 Be7 7. e4 dxe4 8.
Nxe4 Nxe4 9. Bxe4 Nf6 10. Bc2 Bb4+ 11. Bd2 Qa5 12. a3 Bxd2+ 13. Qxd2 Qxd2+ 14.
Kxd2 b6 15. Ba4 Bb7 16. Ne5 Rc8 17. f3 Ke7 18. Ke3 Rhd8 19. Rhd1 c5 20. b4
cxd4+ 21. Rxd4 Rxd4 22. Kxd4 Nh5 23. Nd3 g5 24. Rc1 Ng7 25. Ke3 Nf5+ 26. Kf2 f6
27. c5 Nd4 28. cxb6 Rxc1 29. Nxc1 axb6 30. Ne2 Nf5 31. Bc2 Kd6 32. a4 h6 33. a5
Ne7 34. axb6 Nc8 35. Be4 Bxe4 36. fxe4 Nxb6 37. Ke3 f5 38. exf5 exf5 39. Kd4
Nd5 40. Ng3 Nxb4 41. Nxf5+ Ke6 42. Nxh6 Kf6 43. Ng4+ Kf5 44. Ne3+ Kg6 45. Ke4
Na6 46. Kf3 Nc5 47. Nc4 Nd7 48. g3 Kf5 49. Nd6+ Kg6 50. g4 Ne5+ 51. Kg3 Nc6 52.
Nc4 Kf6 53. Kf3 Ne5+ 1/2-1/2

[Event "Championnat de France - Accession"]
[Site "Nimes"]
[Date "2009.08.21"]
[Round "10.31"]
[White "Carpentier, Pierre"]
[Black "Romieux, Sebastien"]
[Result "0-1"]
[WhiteElo "2247"]
[BlackElo "2284"]
[PlyCount "106"]
[EventDate "2009.??.??"]

1. b3 c5 2. Bb2 Nc6 3. Nf3 d6 4. d4 cxd4 5. Nxd4 Nf6 6. g3 e5 7. Nxc6 bxc6 8.
Bg2 Bb7 9. c4 Be7 10. O-O Qc7 11. Qc2 O-O 12. Nd2 a5 13. c5 d5 14. a3 Rfe8 15.
b4 Ba6 16. Rfe1 axb4 17. axb4 Nd7 18. Bh3 Nf8 19. e4 d4 20. Nc4 Bxc4 21. Qxc4
Qb7 22. f4 Rxa1 23. Bxa1 Rb8 24. Rb1 Ng6 25. Bf5 Qb5 26. Qxb5 Rxb5 27. Bxg6
hxg6 28. Rb2 f5 29. exf5 gxf5 30. fxe5 Kf7 31. Kf2 Ke6 32. Ke2 Kxe5 33. Kd3 Kd5
34. Rf2 g6 35. Bxd4 Rxb4 36. Bc3 Bxc5 37. Re2 Re4 38. Ra2 Re3+ 39. Kd2 Rf3 40.
Ra8 Bg1 41. Rg8 Bxh2 42. Rxg6 Bxg3 43. Rg8 Kc4 44. Bf6 f4 45. Rc8 c5 46. Be7
Rd3+ 47. Kc2 Rd5 48. Rf8 Re5 49. Bf6 Re2+ 50. Kd1 f3 51. Bh4 Bxh4 52. Rf4+ Kd3
53. Rxh4 f2 0-1

[Event "Championnat de France - Accession"]
[Site "Nimes"]
[Date "2009.08.21"]
[Round "10.32"]
[White "Lewis, John"]
[Black "Prodhomme, Boris"]
[Result "0-1"]
[WhiteElo "2147"]
[BlackElo "2183"]
[PlyCount "69"]
[EventDate "2009.??.??"]

1. d4 d5 2. c4 c6 3. Nf3 Nf6 4. e3 Bf5 5. Nc3 e6 6. Nh4 Bg6 7. Nxg6 hxg6 8. Qe2
Bb4 9. Bd2 a5 10. g3 a4 11. Bg2 a3 12. b3 Qa5 13. Rc1 Na6 14. O-O O-O-O 15.
Rfd1 Rh5 16. e4 Nxe4 17. Nxe4 dxe4 18. Bxe4 Bxd2 19. Rxd2 Nc5 20. Bf3 Re5 21.
Qd1 Na6 22. Rcc2 Rxd4 23. Kg2 Rxd2 24. Rxd2 Qc7 25. Rd4 g5 26. Qd3 g6 27. Qd2
Qa5 28. b4 Qxb4 29. Rd8+ Kc7 30. Qd7+ Kb6 31. Qxf7 Qxc4 32. Rd2 g4 33. Bd1 Re1
34. Bxg4 Qe4+ 35. Kh3 0-1

[Event "Championnat de France - Accession"]
[Site "Nimes"]
[Date "2009.08.21"]
[Round "10.33"]
[White "Callet, Emmanuel"]
[Black "Lamard, Guillaume"]
[Result "0-1"]
[WhiteElo "2215"]
[BlackElo "2101"]
[PlyCount "56"]
[EventDate "2009.??.??"]

1. Nf3 d5 2. d4 Nf6 3. c4 c6 4. Nc3 e6 5. Bg5 dxc4 6. e4 b5 7. e5 h6 8. Bh4 g5
9. exf6 gxh4 10. Ne5 Qxf6 11. Be2 Nd7 12. Nxc6 Bb7 13. Bf3 a6 14. O-O Rc8 15.
d5 Bxc6 16. dxc6 Ne5 17. Be4 Bc5 18. Kh1 O-O 19. f4 Nxc6 20. Qh5 Bd4 21. Qf3
Nb4 22. a4 Rb8 23. axb5 axb5 24. Ra5 Bxc3 25. bxc3 Nd5 26. Ra3 Rfd8 27. f5 Ne7
28. Ra7 Nxf5 0-1

[Event "Championnat de France - Accession"]
[Site "Nimes"]
[Date "2009.08.21"]
[Round "10.34"]
[White "Depoorter, Enguerran"]
[Black "Ozenne, Corentin"]
[Result "1/2-1/2"]
[WhiteElo "2207"]
[BlackElo "1996"]
[PlyCount "33"]
[EventDate "2009.??.??"]

1. e4 c5 2. Nf3 e6 3. d4 cxd4 4. Nxd4 Nf6 5. Bd3 Be7 6. c4 d6 7. Nc3 Nc6 8. Nb3
O-O 9. Qe2 b6 10. O-O Bb7 11. f4 Nd7 12. Be3 a6 13. Rfd1 Qc7 14. Rac1 Nc5 15.
Nxc5 bxc5 16. Qf2 Rfd8 17. Rd2 1/2-1/2

[Event "Championnat de France - Accession"]
[Site "Nimes"]
[Date "2009.08.21"]
[Round "10.35"]
[White "Barret, Simon"]
[Black "Thet, Sylvain"]
[Result "0-1"]
[WhiteElo "2166"]
[BlackElo "2031"]
[Annotator "Rivier,Sylvain"]
[PlyCount "46"]
[EventDate "2009.??.??"]

1. d4 d5 2. Nf3 Nf6 3. e3 e6 4. Bd3 Be7 5. Nbd2 O-O 6. O-O b6 7. Ne5 Nfd7 8. f4
f5 9. Ndf3 Qe8 10. g4 Nf6 11. g5 Ne4 12. Qe1 Ba6 13. Qe2 Bxd3 14. Nxd3 Nd6 15.
Bd2 Nf7 16. g6 Ne5 17. gxh7+ Kxh7 18. dxe5 Rh8 19. Kh1 Kg8 20. Rg1 Qh5 21. Rg2
Rh7 22. Rag1 Nd7 23. Rg3 Kh8 {suite illisible} 0-1

[Event "Championnat de France - Accession"]
[Site "Nimes"]
[Date "2009.08.21"]
[Round "10.36"]
[White "Serralta, Michel"]
[Black "Wunderman, Xavier"]
[Result "1-0"]
[WhiteElo "2137"]
[BlackElo "2169"]
[PlyCount "44"]
[EventDate "2009.??.??"]

1. d4 d5 2. c4 c6 3. Nf3 Nf6 4. Nc3 e6 5. Bg5 dxc4 6. e4 b5 7. e5 h6 8. Bh4 g5
9. Nxg5 hxg5 10. Bxg5 Nbd7 11. exf6 Qa5 12. Bd2 Bb7 13. g3 c5 14. d5 O-O-O 15.
Bg2 b4 16. O-O bxc3 17. Bxc3 Qc7 18. dxe6 Bxg2 19. Kxg2 Qc6+ 20. Qf3 Rxh2+ 21.
Kxh2 Qxf3 22. exd7+ Rxd7 1-0

[Event "Championnat de France - Accession"]
[Site "Nimes"]
[Date "2009.08.22"]
[Round "11.1"]
[White "Bailet, Pierre"]
[Black "Lagarde, Maxime"]
[Result "1-0"]
[WhiteElo "2352"]
[BlackElo "2352"]
[Annotator "Rivier,Sylvain"]
[PlyCount "69"]
[EventDate "2009.??.??"]

1. Nf3 Nf6 2. c4 c5 3. g3 Nc6 4. Bg2 d5 5. cxd5 Nxd5 6. O-O e5 7. Nc3 Nc7 8. d3
Be7 9. Nd2 Bd7 10. Nc4 f6 11. Ne3 O-O 12. Ned5 Nxd5 13. Nxd5 Bd6 14. a3 a5 15.
Bd2 a4 16. Nc3 Nd4 17. Bxb7 Rb8 18. Bd5+ Kh8 19. Rb1 Nb3 20. Bg2 f5 21. f4 Qc7
22. fxe5 Bxe5 23. Bf4 Rbe8 24. e4 fxe4 25. dxe4 Bc6 26. Qg4 c4 27. Bxe5 Qxe5
28. Rxf8+ Rxf8 29. Rf1 Qc5+ 30. Kh1 Rxf1+ 31. Bxf1 h6 32. Qc8+ Kh7 33. Bh3 Nd4
34. Nd5 Qd6 35. Bg2 {suite illisible} 1-0

[Event "Championnat de France - Accession"]
[Site "Nimes"]
[Date "2009.08.22"]
[Round "11.2"]
[White "Benitah, Yohan"]
[Black "Moussard, Jules"]
[Result "1/2-1/2"]
[WhiteElo "2383"]
[BlackElo "2292"]
[PlyCount "60"]
[EventDate "2009.??.??"]

1. d4 g6 2. Nf3 Bg7 3. c4 d6 4. Nc3 Nd7 5. e4 e5 6. Be2 Nh6 7. O-O O-O 8. h3 f6
9. Be3 Nf7 10. Qc2 c6 11. Rad1 Qe7 12. b4 Rd8 13. Rd2 Nf8 14. Rfd1 Bd7 15. a4
f5 16. dxe5 dxe5 17. Bc5 Qe8 18. exf5 gxf5 19. Nh4 e4 20. Bh5 Bf6 21. g3 Be6
22. Ne2 Nd7 23. Bd4 Nde5 24. Nf4 Qe7 25. Nxe6 Qxe6 26. Bxf7+ Nxf7 27. Bxf6 Qxf6
28. Rxd8+ Rxd8 29. Rxd8+ Nxd8 30. Qd1 Ne6 1/2-1/2

[Event "Championnat de France - Accession"]
[Site "Nimes"]
[Date "2009.08.22"]
[Round "11.3"]
[White "Jolly, Jean-Francois"]
[Black "Debray, Christopher"]
[Result "1-0"]
[WhiteElo "2366"]
[BlackElo "2328"]
[PlyCount "49"]
[EventDate "2009.??.??"]

1. d4 Nf6 2. c4 e6 3. Nc3 Bb4 4. Qc2 c5 5. dxc5 Na6 6. a3 Bxc5 7. Nf3 b6 8. b4
Be7 9. Bb2 O-O 10. Ng5 Bb7 11. e3 g6 12. h4 d5 13. O-O-O h6 14. Nxe6 fxe6 15.
Qxg6+ Kh8 16. Qxh6+ Kg8 17. Qg6+ Kh8 18. Rh3 e5 19. Rg3 Rf7 20. Qxf7 Qf8 21.
Qg6 Rc8 22. Bd3 d4 23. Rg5 e4 24. Nxe4 Rxc4+ 25. Kb1 1-0

[Event "Championnat de France - Accession"]
[Site "Nimes"]
[Date "2009.08.22"]
[Round "11.4"]
[White "Sochacki, Christophe"]
[Black "Jablonski, Noham"]
[Result "1/2-1/2"]
[WhiteElo "2274"]
[BlackElo "2305"]
[PlyCount "80"]
[EventDate "2009.??.??"]

1. e4 c5 2. Nf3 e6 3. d4 cxd4 4. Nxd4 Nf6 5. Nc3 d6 6. g4 h6 7. Rg1 Nc6 8. Be3
a6 9. h4 g6 10. Be2 Qc7 11. g5 hxg5 12. hxg5 Nd7 13. Qd2 Nce5 14. f4 Nc4 15.
Bxc4 Qxc4 16. Nb3 b5 17. Bd4 Rh5 18. O-O-O b4 19. Ne2 Rh2 20. Rde1 a5 21. Kb1
e5 22. fxe5 dxe5 23. Be3 Bb7 24. Rd1 Bc6 25. Nbc1 Qxe4 26. Rge1 Be7 27. Nd3 Qf3
28. Nxe5 Nxe5 29. Bf4 Nc4 30. Qd3 Qxd3 31. cxd3 Rxe2 32. Rxe2 Nb6 33. Bd6 Nd5
34. Rc1 Bb5 35. Rc5 Bxd3+ 36. Ka1 Rd8 37. Bxe7 Nxe7 38. Rc7 Rd7 39. Rc8+ Rd8
40. Rc7 Rd7 1/2-1/2

[Event "Championnat de France - Accession"]
[Site "Nimes"]
[Date "2009.08.22"]
[Round "11.5"]
[White "Le Goff, Damien"]
[Black "Van Elst, Andreas"]
[Result "1-0"]
[WhiteElo "2270"]
[BlackElo "2288"]
[PlyCount "63"]
[EventDate "2009.??.??"]

1. e4 c5 2. Nf3 e6 3. d4 cxd4 4. Nxd4 a6 5. Bd3 Nf6 6. Nc3 Qc7 7. Qe2 Bd6 8.
Bd2 Nc6 9. Nb3 b5 10. a3 Bb7 11. Rf1 Be7 12. f4 d6 13. g4 Nd7 14. O-O-O Nc5 15.
Nxc5 dxc5 16. e5 b4 17. Ne4 bxa3 18. b3 Nd4 19. Qe3 Bd5 20. Bc3 Qb6 21. b4 Bxe4
22. Bxe4 Rd8 23. Rd3 O-O 24. f5 exf5 25. gxf5 f6 26. e6 Nc6 27. Rg1 Rxd3 28.
Qh6 Rd1+ 29. Kxd1 Rd8+ 30. Kc1 Bf8 31. Bxf6 Qc7 32. e7 1-0

[Event "Championnat de France - Accession"]
[Site "Nimes"]
[Date "2009.08.22"]
[Round "11.6"]
[White "Shirazi, Kamran"]
[Black "Boudre, Jean-Pierre"]
[Result "1/2-1/2"]
[WhiteElo "2384"]
[BlackElo "2337"]
[Annotator "Rivier,Sylvain"]
[PlyCount "29"]
[EventDate "2009.??.??"]

1. Nf3 d5 2. g3 Bg4 3. Bg2 Nd7 4. c4 e6 5. cxd5 exd5 6. h3 Bh5 7. Nc3 c6 8. d3
Bc5 9. O-O Ne7 10. e4 dxe4 11. dxe4 h6 12. Na4 Bb6 13. Nxb6 axb6 14. Be3 O-O
15. Qc2 {suite illisible} 1/2-1/2

[Event "Championnat de France - Accession"]
[Site "Nimes"]
[Date "2009.08.22"]
[Round "11.7"]
[White "Platel, Alexandre"]
[Black "Mancini, Mario"]
[Result "0-1"]
[WhiteElo "2206"]
[BlackElo "2269"]
[PlyCount "62"]
[EventDate "2009.??.??"]

1. e4 c5 2. Nf3 e6 3. c3 Nf6 4. e5 Nd5 5. Bc4 d6 6. d4 cxd4 7. cxd4 Nc6 8. O-O
Be7 9. Nbd2 Nb6 10. Bb3 O-O 11. Qe2 Nb4 12. a3 N4d5 13. Qe4 Bd7 14. Bc2 g6 15.
Nb3 Bc6 16. Na5 Qc7 17. Bh6 Rfb8 18. Ng5 dxe5 19. dxe5 Nd7 20. Nc4 b5 21. Nd6
Bxd6 22. exd6 Qxd6 23. Rfe1 N5f6 24. Qh4 Rc8 25. Rad1 Bd5 26. Bb3 Rc5 27. Ba2
Rac8 28. b4 Rc2 29. Bxd5 exd5 30. Ne4 Nxe4 31. Rxe4 dxe4 0-1

[Event "Championnat de France - Accession"]
[Site "Nimes"]
[Date "2009.08.22"]
[Round "11.8"]
[White "Crut, Aurelien"]
[Black "Grimberg, Gilbert"]
[Result "1-0"]
[WhiteElo "2335"]
[BlackElo "2336"]
[PlyCount "77"]
[EventDate "2009.??.??"]

1. e4 d6 2. Nc3 g6 3. d4 c6 4. Be3 Nf6 5. Qd2 Ng4 6. Bg5 f6 7. Bh4 Bh6 8. f4 f5
9. exf5 gxf5 10. h3 Nf6 11. Bxf6 exf6 12. O-O-O O-O 13. Nf3 b5 14. Bd3 b4 15.
Ne2 Na6 16. Kb1 Rb8 17. d5 c5 18. Bxa6 Bxa6 19. Ng3 Re8 20. Nh4 Bf8 21. Nhxf5
c4 22. Qd4 b3 23. cxb3 cxb3 24. a3 Bc8 25. Rde1 Rxe1+ 26. Rxe1 Qa5 27. Rd1 Kf7
28. Ne3 Bd7 29. Nh5 Be7 30. Qe4 Rh8 31. Nf5 Bf8 32. g4 Qa4 33. Qxa4 Bxa4 34.
Rc1 Kg6 35. Rc7 Bb5 36. Nh4+ Kh6 37. Nxf6 Bd3+ 38. Kc1 Rg8 39. Nxg8# 1-0

[Event "Championnat de France - Accession"]
[Site "Nimes"]
[Date "2009.08.22"]
[Round "11.9"]
[White "Saada, Julien"]
[Black "Villegas, Pierre"]
[Result "1/2-1/2"]
[WhiteElo "2289"]
[BlackElo "2202"]
[PlyCount "75"]
[EventDate "2009.??.??"]

1. d4 d6 2. e4 Nf6 3. Nc3 e5 4. dxe5 dxe5 5. Qxd8+ Kxd8 6. Bg5 Be6 7. O-O-O+
Nbd7 8. f4 exf4 9. Nf3 h6 10. Bxf4 Bb4 11. Nb5 Ba5 12. Ne5 g5 13. Bg3 Nxe4 14.
Bc4 Bxc4 15. Nxc4 Bb6 16. Ne5 Be3+ 17. Kb1 Nd2+ 18. Rxd2 Bxd2 19. Nxf7+ Ke7 20.
Nxh8 Rxh8 21. Nxc7 Nf6 22. Be5 Rc8 23. Bxf6+ Kxf6 24. Rf1+ Ke5 25. Nb5 a6 26.
Rd1 Rf8 27. Na3 b5 28. c4 Rf2 29. cxb5 axb5 30. Rg1 b4 31. Nc4+ Kd4 32. Nxd2
Rxd2 33. Kc1 Rf2 34. Rd1+ Ke3 35. Rd6 h5 36. Re6+ Kd3 37. Rd6+ Ke3 38. Re6+
1/2-1/2

[Event "Championnat de France - Accession"]
[Site "Nimes"]
[Date "2009.08.22"]
[Round "11.10"]
[White "Nass, Emile"]
[Black "Rabineau, Clement"]
[Result "1/2-1/2"]
[WhiteElo "2186"]
[BlackElo "2263"]
[PlyCount "78"]
[EventDate "2009.??.??"]

1. d4 d6 2. Nf3 g6 3. g3 Bg7 4. Bg2 Nd7 5. c4 e5 6. Nc3 exd4 7. Nxd4 Ngf6 8.
O-O O-O 9. e3 Re8 10. b3 c6 11. Qc2 Nc5 12. Ba3 Qa5 13. Bb2 Qb6 14. h3 a5 15.
Rfd1 h5 16. Nf3 Bf5 17. Qe2 a4 18. Nd4 Bd7 19. Qc2 Nh7 20. Nxa4 Nxa4 21. bxa4
Qb4 22. Nb3 Bxb2 23. Qxb2 Be6 24. Qd2 Qxd2 25. Rxd2 Rxa4 26. Rxd6 Ng5 27. Nc5
Rxc4 28. Nxb7 Nxh3+ 29. Bxh3 Bxh3 30. Na5 Ra4 31. Nxc6 Be6 32. Rd2 Rea8 33.
Ne7+ Kg7 34. Nd5 Bxd5 35. Rxd5 Rxa2 36. Rxa2 Rxa2 37. Kg2 Ra4 38. f4 Ra2+ 39.
Kf3 Ra3 1/2-1/2

[Event "Championnat de France - Accession"]
[Site "Nimes"]
[Date "2009.08.22"]
[Round "11.11"]
[White "Migot, Tangi"]
[Black "Lefebvre, Herve"]
[Result "1-0"]
[WhiteElo "2114"]
[BlackElo "2279"]
[PlyCount "57"]
[EventDate "2009.??.??"]

1. e4 c5 2. Nf3 Nc6 3. Nc3 Nf6 4. d4 cxd4 5. Nxd4 e5 6. Ndb5 d6 7. Bg5 a6 8.
Na3 b5 9. Bxf6 gxf6 10. Nd5 f5 11. Bd3 Be6 12. c3 Bg7 13. Nxb5 axb5 14. Bxb5
Bd7 15. exf5 O-O 16. Qg4 Kh8 17. Qe4 f6 18. O-O Rb8 19. a4 Ne7 20. Bxd7 Nxd5
21. Qxd5 Qxd7 22. b4 Qxf5 23. b5 Qd7 24. c4 Rfc8 25. Rfd1 Qc7 26. a5 Qxc4 27.
Qxc4 Rxc4 28. b6 Bf8 29. Rdb1 1-0

[Event "Championnat de France - Accession"]
[Site "Nimes"]
[Date "2009.08.22"]
[Round "11.13"]
[White "Ravot, Sylvain"]
[Black "Ider, Borya"]
[Result "1-0"]
[WhiteElo "2276"]
[BlackElo "2234"]
[PlyCount "35"]
[EventDate "2009.??.??"]

1. e4 e6 2. d4 d5 3. Nd2 c5 4. exd5 Qxd5 5. dxc5 Bxc5 6. Ngf3 Nf6 7. Bc4 Qd8 8.
O-O Nc6 9. Qe2 O-O 10. Rd1 Qc7 11. Ne4 Nxe4 12. Qxe4 Qb6 13. Qh4 e5 14. Bd3 g6
15. Qh6 Be7 16. Bg5 Qc7 17. Bc4 Be6 18. Bxe7 1-0

[Event "Championnat de France - Accession"]
[Site "Nimes"]
[Date "2009.08.22"]
[Round "11.15"]
[White "Ollier, Pablo"]
[Black "Rouler, Charly"]
[Result "1-0"]
[WhiteElo "2226"]
[BlackElo "2335"]
[PlyCount "77"]
[EventDate "2009.??.??"]

1. d4 Nf6 2. c4 g6 3. Nc3 Bg7 4. e4 d6 5. Nf3 O-O 6. Be2 Nbd7 7. Bg5 h6 8. Bh4
Nh5 9. O-O g5 10. Bg3 e6 11. Ne1 Nxg3 12. fxg3 c5 13. d5 exd5 14. exd5 Nf6 15.
Nc2 Re8 16. Qd2 Ne4 17. Nxe4 Rxe4 18. Bd3 Re7 19. Rab1 Bd7 20. b3 a6 21. Bf5
Bxf5 22. Rxf5 Qd7 23. Rff1 b5 24. Qd3 bxc4 25. Qxc4 Qb5 26. Rfe1 Rxe1+ 27. Nxe1
Qa5 28. Qe2 Kf8 29. Kf1 Re8 30. Qc2 Re3 31. Nd3 Qb5 32. Rd1 Qd7 33. Nf2 Qe8 34.
Ng4 Qb5+ 35. Kg1 Re2 36. Qf5 Rxa2 37. Rf1 Qe8 38. Nf6 Qe7 39. Qc8+ 1-0

[Event "Championnat de France - Accession"]
[Site "Nimes"]
[Date "2009.08.22"]
[Round "11.16"]
[White "Stephan, Victor"]
[Black "Saucey, Michel"]
[Result "1/2-1/2"]
[WhiteElo "2198"]
[BlackElo "2366"]
[PlyCount "54"]
[EventDate "2009.??.??"]

1. d4 d5 2. c4 e6 3. Nc3 c5 4. cxd5 exd5 5. Nf3 Nc6 6. g3 Nf6 7. Bg2 Be7 8. O-O
O-O 9. Bg5 c4 10. Ne5 Be6 11. e3 Ne8 12. Nxc6 bxc6 13. Bxe7 Qxe7 14. Qa4 Qb7
15. Rab1 Nd6 16. b3 Qc7 17. e4 dxe4 18. Nxe4 Bf5 19. Rfe1 cxb3 20. axb3 Rad8
21. Rbc1 Nxe4 22. Bxe4 Bxe4 23. Rxe4 Rd6 24. Ra1 Qb6 25. Qxa7 Qxb3 26. Qc5 Qd5
27. Qxd5 Rxd5 1/2-1/2

[Event "Championnat de France - Accession"]
[Site "Nimes"]
[Date "2009.08.22"]
[Round "11.17"]
[White "Camus, Berenger"]
[Black "Strugnell, Carl"]
[Result "1-0"]
[WhiteElo "2200"]
[BlackElo "2280"]
[PlyCount "93"]
[EventDate "2009.??.??"]

1. d4 Nf6 2. c4 g6 3. Nc3 d5 4. Bf4 Bg7 5. e3 c5 6. dxc5 Qa5 7. Rc1 dxc4 8.
Bxc4 O-O 9. Nf3 Qxc5 10. Qe2 Qa5 11. O-O Nc6 12. Rfd1 Bg4 13. h3 Bxf3 14. Qxf3
e5 15. Bg3 Qb4 16. Qe2 Rad8 17. a3 Qe7 18. Nd5 Nxd5 19. Bxd5 Nb8 20. Qb5 Rd7
21. Bb3 Rxd1+ 22. Rxd1 Kh8 23. Rd5 Nc6 24. Qc5 Qe8 25. Ba4 f5 26. Bxe5 Rf7 27.
Bxg7+ Kxg7 28. Rd6 Qe4 29. Bxc6 bxc6 30. Qc3+ Kh6 31. Rd4 Qe6 32. Rh4+ Kg5 33.
g3 h5 34. Rc4 Rf6 35. h4+ Kh6 36. Rd4 Qe7 37. Qd2 g5 38. hxg5+ Kxg5 39. Rf4 Rd6
40. Qc2 Qd7 41. e4 Rd1+ 42. Kh2 h4 43. Rxf5+ Kg6 44. Qc3 Qd6 45. Qf3 hxg3+ 46.
Qxg3+ Qxg3+ 47. Kxg3 1-0

[Event "Championnat de France - Accession"]
[Site "Nimes"]
[Date "2009.08.22"]
[Round "11.18"]
[White "Buscara, Sevan"]
[Black "Schabanel, Stephane"]
[Result "1/2-1/2"]
[WhiteElo "2225"]
[BlackElo "2259"]
[PlyCount "53"]
[EventDate "2009.??.??"]

1. d4 Nf6 2. Nf3 e6 3. Bf4 c5 4. c3 b6 5. e3 Bb7 6. Nbd2 Be7 7. h3 O-O 8. Bd3
cxd4 9. cxd4 Nc6 10. O-O d6 11. Qe2 Qd7 12. Bh2 Rfc8 13. a3 a6 14. Rfd1 b5 15.
e4 Rd8 16. Nf1 Na5 17. e5 dxe5 18. dxe5 Nd5 19. N1d2 h6 20. Ne4 Nb3 21. Rab1
Nc5 22. Bc2 Nxe4 23. Qxe4 g6 24. Qg4 Qe8 25. h4 h5 26. Qh3 Rac8 27. Bd3 1/2-1/2

[Event "Championnat de France - Accession"]
[Site "Nimes"]
[Date "2009.08.22"]
[Round "11.19"]
[White "Di Nicolantonio, Lucas"]
[Black "Lutz, Eric"]
[Result "1-0"]
[WhiteElo "2100"]
[BlackElo "2245"]
[PlyCount "71"]
[EventDate "2009.??.??"]

1. e4 c5 2. Nf3 e6 3. c3 Nf6 4. e5 Nd5 5. Bc4 Nb6 6. Bb3 c4 7. Bc2 d5 8. d4
cxd3 9. Qxd3 Nc6 10. O-O Qc7 11. Re1 Nd7 12. Qe2 a6 13. a4 b6 14. Nbd2 h6 15.
Nb3 g5 16. Nbd4 Bb7 17. Nxc6 Bxc6 18. Nd4 Bg7 19. Qh5 Nf8 20. f4 Bb7 21. f5
Bxe5 22. fxe6 O-O-O 23. Nf3 Bf6 24. Qxf7 Qxf7 25. exf7 Kb8 26. Be3 Nd7 27. Bd4
Rhf8 28. Bg6 Bc6 29. Bxf6 Nxf6 30. Re6 Ne4 31. Rxc6 Nd6 32. Re1 Nxf7 33. Re7
Nd6 34. Rxb6+ Kc8 35. Rxa6 Kb8 36. Nd4 1-0

[Event "Championnat de France - Accession"]
[Site "Nimes"]
[Date "2009.08.22"]
[Round "11.20"]
[White "Forgues, Fabien"]
[Black "Manoeuvre, Antoine"]
[Result "1/2-1/2"]
[WhiteElo "2184"]
[BlackElo "2232"]
[PlyCount "63"]
[EventDate "2009.??.??"]

1. e4 e6 2. d4 d5 3. Nc3 Nf6 4. e5 Nfd7 5. Nce2 c5 6. c3 Nc6 7. f4 Qb6 8. Nf3
cxd4 9. cxd4 Bb4+ 10. Bd2 Be7 11. Bc3 O-O 12. g3 Na5 13. b3 Bb4 14. Bg2 Bxc3+
15. Nxc3 Qb4 16. Qd2 f5 17. O-O Nb6 18. h3 Nc6 19. g4 Bd7 20. Qe3 Rac8 21. Ne2
Ne7 22. Rfc1 Qa3 23. Qd2 a5 24. Ng3 Qb4 25. Qe3 g6 26. Nh4 Nc6 27. Nf3 Ne7 28.
Nh4 Nc6 29. Rd1 Qe7 30. Nf3 Nb4 31. Ne1 Nc2 32. Nxc2 1/2-1/2

[Event "Championnat de France - Accession"]
[Site "Nimes"]
[Date "2009.08.22"]
[Round "11.21"]
[White "Bonn, Thomas"]
[Black "Lacroix, Romain"]
[Result "1/2-1/2"]
[WhiteElo "2225"]
[BlackElo "2141"]
[PlyCount "25"]
[EventDate "2009.??.??"]

1. e4 e5 2. Nf3 Nf6 3. Nc3 Bb4 4. d3 d6 5. Be2 O-O 6. Bg5 h6 7. Bh4 Nbd7 8. O-O
c6 9. a3 Ba5 10. b4 Bc7 11. d4 Re8 12. d5 Nf8 13. Bg3 1/2-1/2

[Event "Championnat de France - Accession"]
[Site "Nimes"]
[Date "2009.08.22"]
[Round "11.22"]
[White "Romieux, Sebastien"]
[Black "Dijoux, Frederic"]
[Result "1-0"]
[WhiteElo "2284"]
[BlackElo "2152"]
[PlyCount "73"]
[EventDate "2009.??.??"]

1. e4 e6 2. d4 d5 3. Nd2 Nf6 4. e5 Nfd7 5. Bd3 c5 6. c3 Nc6 7. Ne2 cxd4 8. cxd4
f6 9. exf6 Nxf6 10. O-O Bd6 11. Nf3 Qc7 12. Bg5 O-O 13. Rc1 Qb6 14. Nc3 Qxb2
15. Nb5 Bb8 16. a3 a6 17. Rb1 Qa2 18. Qa4 Bd7 19. Nc3 Nxd4 20. Qxd4 Qxa3 21.
Bxf6 Rxf6 22. Rxb7 Bc6 23. Bxh7+ Kh8 24. Rxb8+ Rxb8 25. Bc2 Be8 26. Ne5 Qb4 27.
Qd3 Qh4 28. g3 Qh3 29. f4 Rh6 30. Rf2 Bh5 31. Qxa6 Rf8 32. Nb5 Be8 33. Nd6 Qh5
34. Qa3 Kg8 35. Qd3 g5 36. Bd1 Bg6 37. Qd2 1-0